00450nam a2200133Ia 4500008004100000082002000041100004700061245009800108260003900206300001600245520001000261650002800271700001700299230907s9999||||xx |||||||||||||| ||und|| a621.495491bHAM aHamza Ahmad Raza (NUST201463515MCES64114F) 0aModeling of solar thermal tower power plants for climate condition of Pakistan using TRNSYS / aUSPCAS-E, NUST,bIslamabad :c2017 axv, 94 P. : aTH-73 aMS-ESE Thesis MS Thesis aDr Majid Ali